Les 20 plus grandes villes de la Vendée sur une carte - Statistiques

Statistiques générales
  • Ce quiz a été pris 253 fois
  • Le résultat moyen est 11 sur 20
Réponses sur la Carte
Les réponses sont colorées sur une échelle allant du rouge au vert en fonction du pourcentage des utilisateurs qui les ont devinées à leur premier essai. Vous pouvez retrouver ces pourcentages ci-dessous.
 
Statistiques - réponses
Population Initiale Ville % Correct
54 699 (La) R La Roche-sur-Yon
98%
48 740 (Les) S Les Sables-d'Olonne
98%
22 890 C Challans
87%
13 806 F Fontenay-le-Comte
86%
16 589 (Les) H Les Herbiers
83%
20 754 M Montaigu-Vendée
75%
8 140 S Saint-Gilles-Croix-de-Vie
75%
8 809 S Saint-Jean-de-Monts
72%
9 450 L Luçon
70%
12 923 S Saint-Hilaire-de-Riez
62%
10 218 A Aizenay
53%
8 518 C Chantonnay
47%
8 637 (Le) P Le Poiré-sur-Vie
46%
8 327 T Talmont-Saint-Hilaire
44%
6 065 M Mortagne-sur-Sèvre
33%
7 129 A Aubigny-Les Clouzeaux
32%
6 239 B Bellevigny
30%
6 835 E Essarts-en-Bocage
26%
6 401 S Sèvremont
16%
5 659 C Cugand-la-Bernardière
14%
Aucun quiz correspondant
Distribution des résultats
% des personnes avec chaque résultat
Percentile par nombre de réponses
Votre historique - résultats
Vous n’avez pas pris ce quiz